Filmographie de Michel Ocelot - Statistiques

Statistiques générales
  • Ce quiz a été pris 55 fois
  • Le résultat moyen est 5 sur 9
Statistiques - réponses
Hint Réponse % Correct
1998 Kirikou et la Sorcière
90%
2006 Azur et Asmar
86%
2000 Princes et Princesses
76%
2005 Kirikou et les Bêtes sauvages
60%
2018 Dilili à Paris
58%
2012 Kirikou et les Hommes et les Femmes
50%
2011 Les Contes de la nuit
46%
2022 Le Pharaon, le Sauvage et la Princesse
28%
2016 Ivan Tsarévitch et la Princesse Changeante
18%
Aucun quiz correspondant
Distribution des résultats
% des personnes avec chaque résultat
Percentile par nombre de réponses
Votre historique - résultats
Vous n’avez pas pris ce quiz